Updated Top 5 Cities in New Jersey by Population - Statistics

General Stats
  • This quiz has been taken 80 times
  • The average score is 4 of 5
Answer Stats
County City % Correct
Essex Newark
95%
Hudson Jersey City
92%
Passaic Paterson
66%
Union Elizabeth
64%
Middlesex Edison
36%
No matching quizzes found
Score Distribution
Percent of People with Each Score
Percentile by Number Answered
Your Score History
You have not taken this quiz